000 00404cam a22001217a 4500
008 180718b1967 xxu||||| |||| 00| 0 eng d
082 _aB1x47 Si45
245 _aSoviet sociology: historical antecedents and current appraisals
_cedited by Alex Simirenko
260 _aLondon
_bRoutledge And Kegan Paul
_c1967
300 _a284p
650 _aSociology -Soviet Union -History.
700 _aSimirenko, Alex, ed
999 _c417050
_d417050